Αναγέννηση

Αποθηκεύτηκε σε:
Λεπτομέρειες βιβλιογραφικής εγγραφής
Κύριος συγγραφέας: Funk-Brentano, Frantz, 1862-1947
Άλλοι συγγραφείς: Μαργέτης, Σταύρος (Μεταφραστής)
Μορφή: Βιβλίο
Γλώσσα:Greek
French
Δημοσίευση: Αθήνα : Γκοβόστης, [19--].
Θέματα:
Ετικέτες: Προσθήκη ετικέτας
Δεν υπάρχουν, Καταχωρήστε ετικέτα πρώτοι!

MARC

LEADER 00000cam a2200000 a 4500
001 1/120073
008 191008n19uu####gr | ||| |||| ||gre||
040 |a GR-MyUa  |b gre  |c GR-MyUa  |e AACR2 
041 1 |a gre  |h fre 
082 7 |a 940.21   |2 (23) 
100 1 |a Funk-Brentano, Frantz,   |d 1862-1947. 
245 1 0 |a Αναγέννηση /   |c Φραντς Φουνκ-Μπρεντάνο ; μετάφραση: Σ. Μαργέτη.  
260 |a Αθήνα :   |b Γκοβόστης,   |c [19--]. 
300 |a 310 σ.   |b φωτ.,   |c 21 εκ.  
500 |a Μετάφραση του: Renaissance 
504 |a Περιλαμβάνει βιβλιογραφικές παραπομπές. 
650 0 |a Art, Renaissance  |z Italy. 
650 0 |a Renaissance  |z France. 
651 0 |a France  |x Civilization. 
700 1 |a Μαργέτης, Σταύρος,  |e trl 
852 |a INST  |b RHODES  |c AKA  |e 20191008  |h 940.21 FUN  |p 005400041186  |q 005400041186  |t BK  |y 0 
920 |b Ακαδημία Ρόδου  |y Ρόδος  |z 2019-10 
970 |z 08-10-2019